| 000 | 00388 a2200145 4500 | ||
|---|---|---|---|
| 001 | 166438 | ||
| 020 | _a | ||
| 040 | _cMagnum | ||
| 100 | _aLeontiev, Alexis | ||
| 240 | 1 | 0 |
_aPsicologia e pedagogia: bases psicologicas da aprendizagem e do... _lpor |
| 245 | 1 | 0 | _aPsicologia e pedagogia: bases psicologicas da aprendizagem e do... |
| 362 | 0 | _a1899 | |
| 697 | _aPSICOLOGIA | ||
| 942 | _cBK | ||
| 999 |
_c166438 _d166438 |
||